Normal view
MARC view
- Dotson, Connie
Entry Personal Name
001 - CONTROL NUMBER
- control field: 82592
003 - CONTROL NUMBER IDENTIFIER
- control field: NUST
005 - DATE AND TIME OF LATEST TRANSACTION
- control field: 20210922115319.0
008 - FIXED-LENGTH DATA ELEMENTS
- fixed length control field: 210922|| aca||aabn | a|a d
040 ## - CATALOGING SOURCE
- Original cataloging agency: NUST
- Transcribing agency: NUST
100 ## - HEADING--PERSONAL NAME
- Personal name: Dotson, Connie
670 ## - SOURCE DATA FOUND
- Source citation: Work cat.: (NUST)33719: Dotson, Connie, Dimensional Metrology, 2012.
